Netherlands Immigration By Country - Extreme - Statistics

General Stats
  • This quiz has been taken 44 times
  • The average score is 36 of 48
Answer Stats
Total Country % Correct
190,500 Germany
100%
30,250 Iran
100%
103,000 Iraq
100%
51,000 Italy
100%
42,300 Spain
100%
501,400 Turkey
100%
98,700 United Kingdom
100%
124,000 Belgium
96%
89,800 China
96%
118,900 India
96%
276,350 Poland
96%
22,500 Russia
96%
136,000 Ukraine
96%
367,000 Indonesia
93%
45,000 Pakistan
93%
33,400 Portugal
93%
66,580 Romania
93%
178,600 Syria
93%
39,000 France
89%
75,600 United States
89%
29,000 Egypt
85%
29,870 Greece
85%
426,500 Morocco
85%
65,780 Brazil
81%
388,600 Suriname
81%
48,900 Bulgaria
78%
77,800 Afghanistan
74%
15,600 Serbia
74%
13,500 Croatia
70%
18,500 Nigeria
70%
28,000 Vietnam
70%
67,800 South Africa
67%
24,000 Hungary
63%
10,340 Lebanon
59%
12,880 Argentina
56%
24,500 Colombia
56%
41,500 Somalia
56%
22,000 Thailand
56%
14,000 Nepal
52%
22,600 Philippines
52%
12,000 Tunisia
52%
74,000 Venezuela
52%
32,000 Ethiopia
48%
16,700 Sri Lanka
44%
18,800 Lithuania
33%
30,600 Eritrea
30%
27,800 Ghana
30%
10,400 Sudan
30%
No matching quizzes found
Score Distribution
Percent of People with Each Score
Percentile by Number Answered
Your Score History
You have not taken this quiz